00635nam a2200205Ia 4500003000400000005001700004008004100021020001500062040001800077041000800095082001800103100002300121245009500144250001200239260004400251300002800295650004600323650003400369650002600403OSt20251120114259.0210716s2003 xx 000 0 und d a812970210X cAIMIT LIBRARY aeng a005.761bMARG aMarakas, George M. aModern data warehousing mining and visualization: bcore concepts /cBy George M. Marakas. a1st ed. aNew Delhi :bPearson Education ,c2003. axiv,274 p.;bPBc23 cm. aDesigning and building the data warehouse aExecutive information systems aFuture of data mining